LEADER 01044nam a2200241 u 4500 001 000000027584 003 CaOOAMICUS 005 20070226111714.0 008 951013s1950 nyuabf u000 u eng u 035 $a10716728 040 $aPUL(R)$bita 100 1 $aSteinmueller, John E.,$csac.,$d1899-$0(OLS)http://pul/name/22538 245 10$aCatholic biblical encyclopedia :$bNew Testament /$cJohn E. Steinmueller ... and Kathryn Sullivan .. 260 $aNew York City :$bJ. F. Wagner,$c1950. 300 $axvi, 702 p., [3] c. di tav. :$bill., c. geogr. ;$c26 cm 504 $aBibliografia: p. 683-702. 630 04$aBiblia.$pN.T.$xDizionari.$0(OLS)http://pul/subject/13270 850 $aPUL 852 $aPUL$W1$xSL Religione 1$y3$m8(1) A 18$j38394$nBK-PRI$b $qStampati$B38394$CPULBib$Z2$F38394 $H $81 941 1 $a8 961 $aINV: 15048 996 $6245$aCatholic biblical encyclopedia :$bNew Testament$9(OLS)http://pul/title/37726 996 $6260$aNew York City :$bJ. F. Wagner$9(OLS)http://pul/publisher/59807 LEADER 01623nam a2200361 a 4500 001 000000135244 003 CaOOAMICUS 005 20130902105857.0 008 130902s2012 it a u000 u ita r 020 $a978-88-8265-741-3 040 $aPUL$bita 041 0 $aita$aeng 082 04$a937.09 100 1 $aLicandro, Orazio.$0(OLS)http://pul/name/75421 245 12$aL'Occidente senza imperatori :$bvicende politiche e costituzionali nell'ultimo secolo dell'impero romano d'Occidente 455-565 d.C. /$cOrazio Licandro. 260 $aRoma :$b"L'Erma" di Bretschneider,$cİ2012. 300 $a181 p. :$bill. ;$c21 cm 490 1 $aFra Oriente e Occidente ;$v01 504 $aBibliografia in nota. 546 $aAbstract in inglese. 650 4$aImpero romano.$0(OLS)http://pul/subject/35761 651 4$aRoma$xStoria$yImpero.$0(OLS)http://pul/subject/39054 830 0$aFra Oriente e Occidente ;$v01.$0(OLS)http://pul/title/171027 850 $aPUL 852 $aPUL$W1$xSL Cons. Gen., Altre Classi 3$y75$m937. 09 LICOR 1$j155819$qDDC 21$B155257$CPULBib$Z2$F155257 $H122774 $82 941 1 $a9 960 $aImpero romano$939054 960 $aRoma$xStoria$yImpero$935761 996 $6020$a978-88-8265-741-3$9(OLS)http://pul/number/153425 996 $6082$a937.09$9(OLS)http://pul/classification/204 996 $6245$aL'Occidente senza imperatori :$bvicende politiche e costituzionali nell'ultimo secolo dell'impero romano d'Occidente 455-565 d.C.$9(OLS)http://pul/title/171026 996 $6260$aRoma :$b"L'Erma" di Bretschneider$9(OLS)http://pul/publisher/48444